| 000 | 00930nam a2200277Ia 4500 | ||
|---|---|---|---|
| 003 | OSt | ||
| 005 | 20220925223521.0 | ||
| 006 | a|||||r|||| 00| 0 | ||
| 007 | ta | ||
| 008 | 220923b |||||||| |||| 00| 0 eng d | ||
| 020 |
_a0415430801 _c1000.00 |
||
| 037 |
_bRKBA/06-07/2877, 14/09/2007, RAJKIRAN BOOK AGENCY _cGeneral Book |
||
| 040 |
_aRTL _cRTL _beng |
||
| 041 |
_2eng _aeng |
||
| 082 | _aY:582, P7/TD | ||
| 100 |
_aChatterji Roma _917313 |
||
| 245 | 0 |
_aLiving with violence _b An anthropology of events and everyday life |
|
| 260 |
_aLondon _bRoutledge _c2007 |
||
| 300 |
_axii, 201p _ccm. |
||
| 490 | _aCritical Asian Studies | ||
| 500 | _aBibliography P 181-193 | ||
| 650 |
_aSociolology _9230864 |
||
| 700 |
_a Mehta Deepak _917314 |
||
| 942 |
_hY:582, P7/TD _cGB _2CC |
||
| 999 |
_c579776 _d579776 |
||